| 000 | 00298 a2200121 4500 | ||
|---|---|---|---|
| 001 | 58351 | ||
| 082 | _a891.4394 ATA | ||
| 090 |
_c35840 _d35840 |
||
| 100 | _aAta ul haq qasmi | ||
| 245 |
_a Kalm Tamam _bAta ul haq qasmi |
||
| 260 |
_aLahore _bSange-e-Meel Publications _c1993 |
||
| 300 | _a984p. | ||
| 942 |
_aNUST-CAE _k891.4394 ATA |
||
| 999 |
_c293424 _d293424 |
||